[Event "OLNN 2324 FC St. Pauli II - SK Norderste"]
[Site "?"]
[Date "2023.10.22"]
[Round "1.1"]
[White "Ostrovskiy, Andrey"]
[Black "Voigt, Martin"]
[Result "1/2-1/2"]
[WhiteElo "2413"]
[BlackElo "2313"]
[PlyCount "57"]
[EventDate "2023.??.??"]

1. e4 c6 2. d4 d5 3. exd5 cxd5 4. Bd3 Nc6 5. c3 Nf6 6. Bf4 Bg4 7. Qb3 Qd7 8. Nd2 e6 9. Ngf3 Bd6 10. Bxd6 Qxd6 11. O-O O-O 12. Rfe1 Rab8 13. a4 Qf4 14. a5 Rfc8 15. Qa4 Ne7 16. Qc2 Nf5 17. h3 Bxf3 18. Nxf3 Nd6 19. Ne5 Rc7 20. g3 Qh6 21. Kg2 g6 22. Qe2 b5 23. axb6 axb6 24. Ra6 Qf8 25. h4 b5 26. Rea1 Nc4 27. Nc6 Rbc8 28. Na7 Rb8 29. Nc6 1/2-1/2

[Event "OLNN 2324 FC St. Pauli II - SK Norderste"]
[Site "?"]
[Date "2023.10.22"]
[Round "1.2"]
[White "Trisic, Aleksandar"]
[Black "Trent, Lawrence"]
[Result "0-1"]
[WhiteElo "2272"]
[BlackElo "2403"]
[PlyCount "58"]
[EventDate "2023.??.??"]

1. d4 Nf6 2. c4 g6 3. Nc3 Bg7 4. e4 O-O 5. Nf3 c6 6. Bd3 d6 7. h3 e5 8. d5 a5 9. a3 Na6 10. Be3 Nh5 11. Na4 Nf4 12. Bf1 f5 13. Nb6 fxe4 14. Nd2 Nc5 15. Nxa8 Ncd3+ 16. Bxd3 Nxg2+ 17. Ke2 exd3+ 18. Kxd3 cxd5 19. cxd5 Bf5+ 20. Kc3 Qxa8 21. Kb3 b5 22. Nb1 Qc8 23. Qe2 Bc2+ 24. Ka2 b4 25. Nd2 Nxe3 26. fxe3 e4 27. Raf1 Rxf1 28. Qxf1 Qc5 29. axb4 Qxb4 0-1

[Event "OLNN 2324 FC St. Pauli II - SK Norderste"]
[Site "?"]
[Date "2023.10.22"]
[Round "1.3"]
[White "Kopylov, Michael"]
[Black "Jahncke, Giso"]
[Result "1-0"]
[WhiteElo "2371"]
[BlackElo "2239"]
[PlyCount "97"]
[EventDate "2023.??.??"]

1. Nf3 d5 2. g3 g6 3. Bg2 Bg7 4. c4 c6 5. cxd5 cxd5 6. d4 Nf6 7. Ne5 Ne4 8. Nd2 Nxd2 9. Bxd2 Nd7 10. Bc3 e6 11. O-O O-O 12. Rc1 Qb6 13. Qa4 Nxe5 14. dxe5 Qc6 15. Qd4 Qb6 16. e4 Qxd4 17. Bxd4 dxe4 18. Bxe4 Rb8 19. Bc5 Bxe5 20. Bxf8 Kxf8 21. Rfd1 Ke7 22. Rc5 Bd6 23. Rc2 e5 24. Bd5 Bg4 25. f3 Bf5 26. Rc3 Rd8 27. Kg2 b6 28. a3 a5 29. Rc6 Bc5 30. Rc7+ Bd7 31. Bc6 Bd4 32. f4 f6 33. Kf3 Ke6 34. Rxd7 Rxd7 35. Bxd7+ Kxd7 36. fxe5 fxe5 37. b3 Kc6 38. Rc1+ Kb5 39. Rc4 Bc5 40. a4+ Kc6 41. Ke4 Kd6 42. Rc1 Ke6 43. Rd1 Bd4 44. g4 Kd6 45. Rc1 Bc5 46. g5 Ke6 47. Rf1 Bd4 48. Rf6+ Ke7 49. h4 1-0

[Event "OLNN 2324 FC St. Pauli II - SK Norderste"]
[Site "?"]
[Date "2023.10.22"]
[Round "1.4"]
[White "Breyther, Ruediger"]
[Black "Meyer, Falko"]
[Result "1-0"]
[WhiteElo "2252"]
[BlackElo "2226"]
[PlyCount "49"]
[EventDate "2023.??.??"]

1. e4 c6 2. d4 d5 3. exd5 cxd5 4. Bd3 Nc6 5. c3 g6 6. Nf3 Bf5 7. O-O Bxd3 8. Qxd3 Nf6 9. Bf4 Bg7 10. Nbd2 O-O 11. h3 Rc8 12. Rfe1 e6 13. Qb5 b6 14. a4 Nd7 15. Nb3 a5 16. Nc1 Re8 17. Nd3 h6 18. Re2 Kh7 19. Rae1 Bf6 20. Bg3 Ne7 21. Nf4 Bg5 22. Nxg5+ hxg5 23. Nxe6 fxe6 24. Rxe6 Nf8 25. Qxe8 1-0

[Event "OLNN 2324 FC St. Pauli II - SK Norderste"]
[Site "?"]
[Date "2023.10.22"]
[Round "1.5"]
[White "Hovhannisyan, Artur"]
[Black "Hess, Christian"]
[Result "0-1"]
[WhiteElo "2217"]
[BlackElo "2189"]
[PlyCount "96"]
[EventDate "2023.??.??"]

1. e4 e6 2. d4 d5 3. Nc3 Nf6 4. Bg5 dxe4 5. Nxe4 Be7 6. Nxf6+ Bxf6 7. Bxf6 Qxf6 8. Nf3 O-O 9. Bd3 c5 10. O-O cxd4 11. Nxd4 Rd8 12. Nf3 Nc6 13. c3 b6 14. Qc2 g6 15. Be4 Bb7 16. Rfe1 Qf4 17. Re3 Rac8 18. Qa4 Qc7 19. Rae1 a6 20. Bb1 Rd5 21. h4 b5 22. Qg4 Ne7 23. Ne5 Nf5 24. R3e2 Rcd8 25. h5 Rd1 26. Bc2 Rxe1+ 27. Rxe1 Rd2 28. Bxf5 exf5 29. Qf4 Qd6 30. Qe3 Rd1 31. hxg6 Rxe1+ 32. Qxe1 hxg6 33. Nf3 Bxf3 34. gxf3 Qd5 35. b3 Qxf3 36. Qe8+ Kg7 37. Qe5+ Kh6 38. Qd4 Qg4+ 39. Qxg4 fxg4 40. Kg2 Kg5 41. c4 bxc4 42. bxc4 Kf4 43. c5 Ke5 44. Kg3 f5 45. Kh4 Kd5 46. Kg5 Kxc5 47. Kxg6 f4 48. Kf5 g3 0-1

[Event "OLNN 2324 FC St. Pauli II - SK Norderste"]
[Site "?"]
[Date "2023.10.22"]
[Round "1.6"]
[White "Perez De Miguel, Alvaro"]
[Black "Zierke, Oliver"]
[Result "1-0"]
[WhiteElo "2276"]
[BlackElo "2197"]
[PlyCount "85"]
[EventDate "2023.??.??"]

1. d4 d5 2. c4 e6 3. Nc3 c5 4. cxd5 exd5 5. Nf3 Nc6 6. dxc5 d4 7. Na4 Bxc5 8. Nxc5 Qa5+ 9. Bd2 Qxc5 10. Rc1 Qb6 11. e3 Nf6 12. Bc4 O-O 13. O-O Bg4 14. exd4 Bxf3 15. Qxf3 Qxd4 16. Be3 Qg4 17. Bd5 Qxf3 18. Bxf3 Rab8 19. Bxc6 bxc6 20. b3 Rfc8 21. Rc4 Nd5 22. Rfc1 Nxe3 23. fxe3 Rb6 24. Rd1 Kf8 25. Rd7 Re8 26. Rxa7 Rxe3 27. Rd4 c5 28. Rd8+ Re8 29. Rxe8+ Kxe8 30. Kf2 c4 31. bxc4 Rb4 32. c5 Rb5 33. c6 Rc5 34. c7 Kd7 35. c8=Q+ Kxc8 36. Rxf7 Rg5 37. Kf3 Kd8 38. h4 Rg6 39. h5 Rg5 40. g4 g6 41. h6 Ke8 42. Rxh7 Kf8 43. Rh8+ 1-0

[Event "OLNN 2324 FC St. Pauli II - SK Norderste"]
[Site "?"]
[Date "2023.10.22"]
[Round "1.7"]
[White "Michna, Christian"]
[Black "Mitscherling, Andreas"]
[Result "1-0"]
[WhiteElo "2186"]
[BlackElo "2142"]
[PlyCount "99"]
[EventDate "2023.??.??"]

1. d4 d5 2. Nc3 e6 3. Bf4 Nf6 4. Nb5 Na6 5. e3 c6 6. Nc3 Nc7 7. Nf3 Bd6 8. Bd3 c5 9. dxc5 Bxc5 10. O-O O-O 11. e4 dxe4 12. Nxe4 Nxe4 13. Bxe4 Nd5 14. Bxd5 exd5 15. Qd3 h6 16. Rad1 Be6 17. Be5 Rc8 18. Bd4 Bd6 19. Bc3 Bc5 20. Rfe1 Re8 21. h3 a6 22. a3 Qd6 23. Be5 Qd8 24. Rd2 b5 25. Bd4 Bd6 26. Bc3 Qc7 27. Qd4 Bf8 28. Rde2 Qc4 29. Qd2 Qc7 30. Bb4 Bd6 31. Bxd6 Qxd6 32. Nd4 Bd7 33. Rxe8+ Rxe8 34. Rxe8+ Bxe8 35. Nf5 Qe5 36. Nd4 Bd7 37. c3 Kf8 38. Kf1 Ke7 39. b4 Kd6 40. Nb3 Qh2 41. f4 Bf5 42. Qd4 Be4 43. Qe5+ Kc6 44. Qe8+ Kb6 45. Qb8+ Kc6 46. Qc8+ Kb6 47. Qc5+ Kb7 48. Na5+ Kb8 49. Qb6+ Kc8 50. Qb7+ 1-0

[Event "OLNN 2324 FC St. Pauli II - SK Norderste"]
[Site "?"]
[Date "2023.10.22"]
[Round "1.8"]
[White "Schleicher, Guido"]
[Black "Parvanyan, Alfred"]
[Result "1-0"]
[WhiteElo "2154"]
[BlackElo "2137"]
[PlyCount "201"]
[EventDate "2023.??.??"]

1. e4 d6 2. d4 Nf6 3. Nc3 g6 4. Be2 Bg7 5. Be3 c6 6. a4 Nbd7 7. f4 Qa5 8. Qd2 e5 9. Nf3 Ng4 10. Bg1 Bh6 11. g3 exf4 12. gxf4 O-O 13. Ng5 Ngf6 14. Be3 Re8 15. Kf2 Bxg5 16. fxg5 Qxc3 17. bxc3 Nxe4+ 18. Kf3 Nxd2+ 19. Bxd2 Nb6 20. a5 Nd5 21. Bc4 Nc7 22. Rab1 Bf5 23. Rhe1 Rxe1 24. Bxe1 Rb8 25. Bg3 Ne8 26. Rb2 Kf8 27. Be2 Ke7 28. c4 b6 29. c5 b5 30. c4 a6 31. d5 cxd5 32. cxd6+ Kd7 33. cxb5 Nxd6 34. b6 Be4+ 35. Kf2 d4 36. Bxa6 Ra8 37. b7 Bxb7 38. Bxb7 Rxa5 39. h4 Nf5 40. Be4 Nxg3 41. Kxg3 Ra3+ 42. Kf4 Rh3 43. Ke5 Rxh4 44. Rb7+ Kc8 45. Rxf7 Kb8 46. Kxd4 h6 47. gxh6 Rxh6 48. Kc5 g5 49. Bc6 Kc8 50. Kb6 Kd8 51. Rd7+ Kc8 52. Re7 Rd6 53. Re8+ Rd8 54. Re7 Rd2 55. Re8+ Rd8 56. Re5 Rd2 57. Rxg5 Kd8 58. Re5 Kc8 59. Re3 Rd1 60. Re2 Rd3 61. Bb5 Rd6+ 62. Bc6 Rd1 63. Re4 Rd2 64. Re6 Rd1 65. Bb5 Rd2 66. Ba4 Rd4 67. Bb5 Rd2 68. Re7 Rd6+ 69. Bc6 Rd2 70. Kc5 Rh2 71. Bd5 Kd8 72. Rg7 Rh6 73. Bc6 Rh2 74. Kb6 Rb2+ 75. Kc5 Rh2 76. Rd7+ Kc8 77. Ra7 Kb8 78. Re7 Kc8 79. Kb6 Rd2 80. Re5 Rd1 81. Re2 Rd3 82. Bb5 Rd6+ 83. Kc5 Rd1 84. Re7 Rd2 85. Kc6 Rc2+ 86. Kd6 Rd2+ 87. Kc6 Rc2+ 88. Kb6 Rd2 89. Re1 Rd6+ 90. Kc5 Rd2 91. Bc6 Kc7 92. Re7+ Kc8 93. Rh7 Rd1 94. Bd5 Rg1 95. Be6+ Kb8 96. Kb6 Rb1+ 97. Kc6 Rc1+ 98. Kd6 Rg1 99. Rh4 Rb1 100. Bd5 Rd1 101. Ra4 1-0

[Event "OLNN 2324 Preetzer TSV - SC Königsspri"]
[Site "1"]
[Date "2023.10.22"]
[Round "1.1"]
[White "Weber, Max"]
[Black "Pedersen, Steffen"]
[Result "1/2-1/2"]
[WhiteElo "2310"]
[BlackElo "2348"]
[PlyCount "119"]
[EventDate "2023.10.22"]

1. d4 Nf6 2. c4 e6 3. Nf3 d5 4. g3 dxc4 5. Bg2 Bb4+ 6. Bd2 c5 7. Bxb4 cxb4 8. Ne5 O-O 9. Nxc4 Nc6 10. e3 Nd5 11. O-O Qc7 12. Qe2 Rd8 13. Nbd2 b5 14. Ne5 Nxe5 15. dxe5 Qc2 16. Rab1 Bb7 17. Rfc1 Qg6 18. Nb3 Rab8 19. Nc5 Qg5 20. e4 Nc7 21. f4 Qe7 22. Qe3 Bc8 23. Rd1 Ne8 24. Nb3 Rb7 25. Qc5 Qxc5+ 26. Nxc5 Rxd1+ 27. Rxd1 Rc7 28. Rc1 Kf8 29. Kf2 Ke7 30. Ke3 Rc6 31. Bf1 a6 32. Kd4 Nc7 33. Nb3 Kd7 34. Nc5+ Ke7 35. Nd3 Kd7 36. Rxc6 Kxc6 37. Nxb4+ Kb6 38. h4 a5 39. Nd3 Na6 40. h5 Nb8 41. g4 Nc6+ 42. Ke3 b4 43. Ne1 Kc5 44. Nf3 a4 45. a3 h6 46. f5 exf5 47. exf5 bxa3 48. bxa3 Ne7 49. Nd2 Nd5+ 50. Kf3 Kd4 51. Bb5 Bb7 52. Kg3 Kxe5 53. Bxa4 Nc3 54. Nc4+ Kf6 55. Nd6 Bd5 56. Bc2 Ke5 57. Ne8 Bc6 58. f6 gxf6 59. Ng7 Ne2+ 60. Kf2 1/2-1/2

[Event "OLNN 2324 Preetzer TSV - SC Königsspri"]
[Site "2"]
[Date "2023.10.22"]
[Round "1.2"]
[White "Vinter-Schou, Uffe"]
[Black "Zimmermann, Julian"]
[Result "1-0"]
[WhiteElo "2345"]
[BlackElo "2280"]
[PlyCount "69"]
[EventDate "2023.10.22"]

1. e4 c5 2. c3 Nf6 3. e5 Nd5 4. Nf3 d6 5. d4 cxd4 6. cxd4 Nc6 7. Bc4 Nb6 8. Bb5 dxe5 9. Nxe5 Bd7 10. Bxc6 Bxc6 11. Nxc6 bxc6 12. O-O e6 13. Be3 Be7 14. Nc3 O-O 15. Rc1 Nd5 16. Qe2 Qa5 17. Qc4 Nxc3 18. Rxc3 Rab8 19. Rc2 Rb4 20. Qxc6 Qxa2 21. Qd7 Bf6 22. Rc8 Rb8 23. Rxb8 Rxb8 24. Rc1 Rd8 25. Qb7 h5 26. h3 h4 27. b4 g6 28. b5 Bxd4 29. Qe7 Qd5 30. Rc7 Rf8 31. Rd7 Bf6 32. Qxf6 Qxd7 33. Bh6 Qd1+ 34. Kh2 Qd6+ 35. f4 1-0

[Event "OLNN 2324 Preetzer TSV - SC Königsspri"]
[Site "3"]
[Date "2023.10.22"]
[Round "1.3"]
[White "Borgmeyer, Dr. Max"]
[Black "Möller, Dustin"]
[Result "1/2-1/2"]
[WhiteElo "2202"]
[BlackElo "2245"]
[PlyCount "56"]
[EventDate "2023.10.22"]

1. e4 c5 2. Nf3 Nc6 3. d4 cxd4 4. Nxd4 Nf6 5. Nc3 e5 6. Ndb5 d6 7. Bg5 a6 8. Na3 b5 9. Bxf6 gxf6 10. Nd5 Bg7 11. Bd3 Ne7 12. Nxe7 Qxe7 13. c4 f5 14. O-O O-O 15. Qe2 d5 16. cxd5 fxe4 17. d6 Qh4 18. Qxe4 Qxe4 19. Bxe4 Ra7 20. Rad1 Rd8 21. Nc2 Bf8 22. Ne3 Rxd6 23. Rxd6 Bxd6 24. Rd1 Be7 25. Nf5 Bxf5 26. Bxf5 Rc7 27. Kf1 Bc5 28. Rd7 Rxd7 1/2-1/2

[Event "OLNN 2324 Preetzer TSV - SC Königsspri"]
[Site "4"]
[Date "2023.10.22"]
[Round "1.4"]
[White "Schwarz, Frank"]
[Black "Skibbe, Willi"]
[Result "1-0"]
[WhiteElo "2226"]
[BlackElo "2184"]
[PlyCount "63"]
[EventDate "2023.10.22"]

1. e4 e6 2. d4 d5 3. Bd3 c5 4. exd5 exd5 5. dxc5 Bxc5 6. Nf3 Nf6 7. O-O O-O 8. h3 Nc6 9. Nc3 h6 10. Bf4 Re8 11. Nb5 Re7 12. c3 a6 13. Nbd4 Ne4 14. Qb3 Nxd4 15. Nxd4 Bxd4 16. cxd4 g5 17. Bxe4 dxe4 18. Be5 Re6 19. f4 Rb6 20. Qc3 Qd5 21. fxg5 hxg5 22. b3 Bd7 23. Qe3 Rg6 24. Rf6 Rf8 25. Rxg6+ fxg6 26. Qxg5 Qf7 27. Kh2 Bc6 28. Rf1 Qh7 29. Rxf8+ Kxf8 30. Qd8+ Kf7 31. d5 Be8 32. Bd6 1-0

[Event "OLNN 2324 Preetzer TSV - SC Königsspri"]
[Site "5"]
[Date "2023.10.22"]
[Round "1.5"]
[White "Lampe, Joerg"]
[Black "Skaanning-Pedersen, Kim Henrik"]
[Result "1-0"]
[WhiteElo "2101"]
[BlackElo "2266"]
[PlyCount "163"]
[EventDate "2023.10.22"]

1. e4 d6 2. d4 Nf6 3. Nc3 g6 4. Be3 a6 5. h3 Bg7 6. g4 b5 7. Bg2 Bb7 8. a3 h5 9. g5 Nfd7 10. Nge2 Nb6 11. b3 e6 12. O-O Nc6 13. h4 Ne7 14. Ng3 d5 15. e5 c5 16. dxc5 Bxe5 17. Bd4 Nd7 18. f4 Bxd4+ 19. Qxd4 O-O 20. b4 Qc7 21. Rad1 e5 22. fxe5 Nxe5 23. Qf4 Rac8 24. Nxd5 Nxd5 25. Bxd5 Bxd5 26. Rxd5 Nc4 27. Qxc7 Rxc7 28. Rd3 Re8 29. Rf6 Re1+ 30. Kf2 Rc1 31. Ne4 Ne5 32. Rd8+ Kg7 33. Rxa6 Ng4+ 34. Kg3 Re7 35. Raa8 f5 36. gxf6+ Nxf6 37. Nxf6 Kxf6 38. Ra6+ Ke5 39. Rd2 Rf7 40. c6 Rg1+ 41. Rg2 Rgf1 42. Rb6 Kd6 43. Rxb5 Kxc6 44. Rg5 R1f3+ 45. Kh2 Rxa3 46. c4 Rf4 47. Rxg6+ Kd7 48. Rg7+ Kd6 49. Rc2 Rxh4+ 50. Kg2 Rg4+ 51. Rxg4 hxg4 52. c5+ Kd7 53. Rc4 g3 54. Rg4 Rb3 55. Rg7+ Kc8 56. Rg4 Rc3 57. Rxg3 Rc2+ 58. Kh3 Rb2 59. Rg4 Kc7 60. Kh4 Rb1 61. Re4 Rg1 62. Re6 Kb7 63. b5 Rc1 64. Re7+ Kc8 65. c6 Kb8 66. Rb7+ Ka8 67. Rg7 Kb8 68. Kh5 Rb1 69. Rg5 Kc7 70. Kg6 Kb6 71. Kf7 Re1 72. Kf6 Re2 73. Re5 Rf2+ 74. Ke6 Rd2 75. Rd5 Re2+ 76. Kd7 Rh2 77. Re5 Rd2+ 78. Kc8 Rh2 79. Rd5 Rh8+ 80. Rd8 Rh7 81. Kb8 Rc7 82. Rd7 1-0

[Event "OLNN 2324 Preetzer TSV - SC Königsspri"]
[Site "6"]
[Date "2023.10.22"]
[Round "1.6"]
[White "Light, Bjarne"]
[Black "Raider, Eugen"]
[Result "1-0"]
[WhiteElo "2212"]
[BlackElo "2049"]
[PlyCount "55"]
[EventDate "2023.10.22"]

1. c4 e6 2. Nf3 c5 3. g3 b6 4. Bg2 Bb7 5. O-O Be7 6. d4 cxd4 7. Qxd4 h5 8. Nc3 Nc6 9. Qd1 h4 10. Bf4 h3 11. Bh1 d6 12. Qa4 Qd7 13. Rfd1 O-O-O 14. Nb5 e5 15. Bxe5 Rh6 16. Bxg7 Rg6 17. Bc3 a6 18. Nbd4 Rg4 19. Nxc6 Qxc6 20. Qxc6+ Bxc6 21. Ne5 dxe5 22. Bxc6 Rxc4 23. Bd5 Rxd5 24. Rxd5 f6 25. Rc1 Kb7 26. Rd7+ Kc6 27. Ra7 a5 28. Ra8 1-0

[Event "OLNN 2324 Preetzer TSV - SC Königsspri"]
[Site "7"]
[Date "2023.10.22"]
[Round "1.7"]
[White "Hioskovsky, Andrei"]
[Black "Willsch, Matthias"]
[Result "1/2-1/2"]
[WhiteElo "2090"]
[BlackElo "2097"]
[PlyCount "95"]
[EventDate "2023.10.22"]

1. e4 e6 2. d3 d5 3. Nd2 Nf6 4. g3 dxe4 5. dxe4 Nc6 6. Bg2 e5 7. Ngf3 Bc5 8. O-O O-O 9. c3 a5 10. Qc2 b6 11. Nc4 Ng4 12. h3 Ba6 13. hxg4 Bxc4 14. Rd1 Qc8 15. b4 Bd6 16. g5 axb4 17. cxb4 b5 18. Qb2 Bxb4 19. Nxe5 Nxe5 20. Qxb4 Nd3 21. Rxd3 Bxd3 22. Bb2 Bc4 23. Qc3 f6 24. e5 Ra6 25. exf6 Qf5 26. fxg7 Rd8 27. Re1 Re6 28. a4 Rxe1+ 29. Qxe1 Qg4 30. Qe7 Qd1+ 31. Kh2 Qh5+ 32. Bh3 Re8 33. Qb4 c5 34. Qxc5 Be6 35. Ba3 Qxh3+ 36. Kg1 Qf5 37. Qf8+ Rxf8 38. gxf8=Q+ Qxf8 39. Bxf8 Kxf8 40. axb5 Ke7 41. Kg2 Bg4 42. f3 Bd7 43. b6 Kd6 44. g4 Kc6 45. Kg3 Kxb6 46. Kf4 Bc6 47. g6 hxg6 48. Kg5 1/2-1/2

[Event "OLNN 2324 Preetzer TSV - SC Königsspri"]
[Site "8"]
[Date "2023.10.22"]
[Round "1.8"]
[White "Schwarzat, Julian"]
[Black "Möhrmann, Marcus"]
[Result "1-0"]
[WhiteElo "2120"]
[BlackElo "2002"]
[PlyCount "111"]
[EventDate "2023.10.22"]

1. e4 e5 2. Nf3 Nc6 3. Bc4 Nf6 4. d3 Bc5 5. c3 d6 6. Bb3 O-O 7. h3 a6 8. Nbd2 b5 9. O-O Bb7 10. Re1 Ba7 11. Nf1 Ne7 12. Ng3 Ng6 13. Nh2 d5 14. Qf3 c5 15. Bg5 c4 16. Bxf6 Qxf6 17. Qxf6 gxf6 18. dxc4 bxc4 19. Bc2 dxe4 20. Ng4 Rad8 21. Bxe4 Bxe4 22. Nxf6+ Kg7 23. Ngxe4 Nf4 24. b3 Nd3 25. Re2 Nc5 26. Nh5+ Kg6 27. Nxc5 Bxc5 28. Rxe5 Bb6 29. Nf4+ Kf6 30. Rae1 Ba7 31. Nd5+ Kg7 32. bxc4 Rc8 33. R5e4 Rfd8 34. g4 Rc5 35. Rb1 Rb8 36. Rxb8 Bxb8 37. Re8 Bd6 38. Ne3 Bf4 39. Re4 Bg5 40. f4 Bd8 41. Kf2 Kf8 42. Rd4 Bh4+ 43. Ke2 Ra5 44. Rd2 h5 45. Kd3 hxg4 46. hxg4 Ke8 47. Rb2 Bd8 48. Nd5 Kd7 49. Kd4 f6 50. f5 Kd6 51. Re2 Kd7 52. c5 Ra4+ 53. c4 a5 54. Re6 Rxa2 55. c6+ Kc8 56. Re8 1-0

[Event "OLNN 2324 SF Schwerin - SC Königsspring"]
[Site "?"]
[Date "2023.11.19"]
[Round "2.1"]
[White "Weber, Max"]
[Black "Hilwerda, Jonas"]
[Result "1/2-1/2"]
[WhiteElo "2322"]
[BlackElo "2257"]
[PlyCount "34"]
[EventDate "2023.??.??"]

1. Nf3 Nf6 2. c4 e6 3. g3 d5 4. Bg2 d4 5. O-O c5 6. e3 Nc6 7. exd4 cxd4 8. d3 Bd6 9. Bg5 h6 10. Bxf6 Qxf6 11. Nbd2 Qe7 12. Re1 O-O 13. a3 a5 14. Nb3 Qf6 15. Nbd2 Qe7 16. Nb3 Qf6 17. Nbd2 Qe7 1/2-1/2

[Event "OLNN 2324 SF Schwerin - SC Königsspring"]
[Site "?"]
[Date "2023.11.19"]
[Round "2.2"]
[White "Reichmann, Hendrik"]
[Black "Zimmermann, Julian"]
[Result "1/2-1/2"]
[WhiteElo "2303"]
[BlackElo "2272"]
[PlyCount "83"]
[EventDate "2023.??.??"]

1. d4 Nf6 2. Nf3 e6 3. Bf4 d5 4. e3 Bd6 5. Nbd2 O-O 6. Bd3 c5 7. dxc5 Bxc5 8. a3 Nc6 9. c4 dxc4 10. Nxc4 Nd5 11. Bg3 Nb6 12. Rc1 Qd5 13. Qc2 Qh5 14. Nd6 Bxd6 15. Bxd6 Rd8 16. Bc7 Re8 17. O-O Nd5 18. Bg3 Bd7 19. e4 Nb6 20. b4 Rac8 21. Qb2 f6 22. Bd6 e5 23. Bc5 Qf7 24. Qd2 Bg4 25. Qe3 Nd7 26. Bc4 Be6 27. Bxe6 Qxe6 28. Bxa7 Ra8 29. Bc5 Nxc5 30. Rxc5 Ra4 31. b5 Nd4 32. Rd5 Rea8 33. Nxd4 exd4 34. Rxd4 Rxa3 35. Qd2 h6 36. h3 Rb3 37. Rb4 Rxb4 38. Qxb4 Rd8 39. Re1 Qe5 40. g3 Rd4 41. Qb3+ Kh7 42. b6 1/2-1/2

[Event "OLNN 2324 SF Schwerin - SC Königsspring"]
[Site "?"]
[Date "2023.11.19"]
[Round "2.3"]
[White "Schmidt, Jan-Peter"]
[Black "Wolf, Christoph"]
[Result "1/2-1/2"]
[WhiteElo "2279"]
[BlackElo "2171"]
[PlyCount "68"]
[EventDate "2023.??.??"]

1. c4 e6 2. Nf3 d5 3. g3 c5 4. cxd5 exd5 5. Bg2 Nf6 6. O-O Nc6 7. d4 cxd4 8. Nxd4 Bc5 9. Nxc6 bxc6 10. Qc2 Qb6 11. Nc3 Be7 12. e4 O-O 13. exd5 Nxd5 14. Nxd5 cxd5 15. Bxd5 Bb7 16. Be3 Qa6 17. Bxb7 Qxb7 18. Rac1 Bf6 19. b3 Rac8 20. Qf5 Qa6 21. Rxc8 Rxc8 22. Rc1 Rxc1+ 23. Bxc1 g6 24. Qc2 h5 25. h4 Bd4 26. a4 Qf6 27. Bf4 Qb6 28. Kg2 Qb7+ 29. f3 Qe7 30. Qc8+ Kg7 31. Qc4 Bb6 32. Bd2 a5 33. Bc3+ f6 34. Qe4 Qc5 1/2-1/2

[Event "OLNN 2324 SF Schwerin - SC Königsspring"]
[Site "?"]
[Date "2023.11.19"]
[Round "2.4"]
[White "Rittemann, Steffen"]
[Black "Borgmeyer, Max"]
[Result "1/2-1/2"]
[WhiteElo "2179"]
[BlackElo "2214"]
[PlyCount "31"]
[EventDate "2023.??.??"]

1. e4 c5 2. Nf3 d6 3. c4 e5 4. Nc3 Nc6 5. Be2 g6 6. d3 Bg7 7. O-O Nge7 8. a3 O-O 9. Rb1 a5 10. Ne1 f5 11. Nc2 Nd4 12. b4 axb4 13. axb4 Nec6 14. Nxd4 Nxd4 15. bxc5 dxc5 16. Nd5 1/2-1/2

[Event "OLNN 2324 SF Schwerin - SC Königsspring"]
[Site "?"]
[Date "2023.11.19"]
[Round "2.5"]
[White "Skibbe, Willi"]
[Black "Schulz, Karsten"]
[Result "1/2-1/2"]
[WhiteElo "2175"]
[BlackElo "2282"]
[PlyCount "30"]
[EventDate "2023.??.??"]

1. e4 d6 2. d4 Nf6 3. Nc3 e5 4. Nge2 exd4 5. Nxd4 Be7 6. Bf4 O-O 7. Qd2 Nc6 8. O-O-O Nxd4 9. Qxd4 Be6 10. Be2 a6 11. Kb1 b5 12. Nd5 Bxd5 13. exd5 Nd7 14. Qd2 Nc5 15. Be3 Bf6 1/2-1/2

[Event "OLNN 2324 SF Schwerin - SC Königsspring"]
[Site "?"]
[Date "2023.11.19"]
[Round "2.6"]
[White "Grahl, Arvid"]
[Black "Lampe, Joerg"]
[Result "1-0"]
[WhiteElo "2131"]
[BlackElo "2115"]
[PlyCount "59"]
[EventDate "2023.??.??"]

1. d4 d5 2. c4 e6 3. Nc3 c5 4. cxd5 exd5 5. Nf3 Nc6 6. dxc5 d4 7. Na4 Bxc5 8. Nxc5 Qa5+ 9. Bd2 Qxc5 10. Rc1 Qb6 11. e3 Nf6 12. Bc4 O-O 13. O-O Bg4 14. exd4 Bxf3 15. Qxf3 Nxd4 16. Qa3 Nc6 17. Be3 Qc7 18. h3 Rfe8 19. b4 a6 20. Qb3 Ne4 21. Rc2 Qe7 22. Rb1 Qf6 23. Bd5 h6 24. Rbc1 Nd4 25. Bxd4 Qxd4 26. Bxf7+ Kh7 27. Bxe8 Rxe8 28. Re2 Nd2 29. Qc2+ Ne4 30. Rce1 1-0

[Event "OLNN 2324 SF Schwerin - SC Königsspring"]
[Site "?"]
[Date "2023.11.19"]
[Round "2.7"]
[White "Raider, Eugen"]
[Black "Rossmann, Helmut"]
[Result "1/2-1/2"]
[WhiteElo "2043"]
[BlackElo "2244"]
[PlyCount "78"]
[EventDate "2023.??.??"]

1. e4 c5 2. b4 cxb4 3. a3 e5 4. Nf3 Nc6 5. Bc4 Nf6 6. Ng5 d5 7. exd5 Na5 8. Bb5+ Bd7 9. Bxd7+ Qxd7 10. axb4 Bxb4 11. c3 Qxd5 12. cxb4 Nb3 13. O-O Nxa1 14. Qa4+ b5 15. Qxa1 O-O 16. Bb2 a5 17. bxa5 b4 18. a6 Rfe8 19. f4 h6 20. Nf3 exf4 21. a7 Re6 22. Qa4 Qb7 23. Bd4 Nd5 24. Ne5 g5 25. Qb3 Rxa7 26. Ng4 Ra8 27. Nc3 Nxc3 28. dxc3 Rb8 29. Nf6+ Kf8 30. Bc5+ Kg7 31. Nh5+ Kg6 32. g4 Re2 33. Qb1+ Qe4 34. Qxe4+ Rxe4 35. cxb4 f5 36. h3 fxg4 37. hxg4 f3 38. Rxf3 Rxg4+ 39. Ng3 Rbxb4 1/2-1/2

[Event "OLNN 2324 SF Schwerin - SC Königsspring"]
[Site "?"]
[Date "2023.11.19"]
[Round "2.8"]
[White "Helms, Sven"]
[Black "Wagner, Friedrich"]
[Result "0-1"]
[WhiteElo "1908"]
[BlackElo "2118"]
[PlyCount "110"]
[EventDate "2023.??.??"]

1. e4 c6 2. d4 d5 3. Nc3 dxe4 4. Nxe4 Nd7 5. Nf3 Ngf6 6. Nxf6+ Nxf6 7. c3 Bg4 8. h3 Bh5 9. Be2 e6 10. Bf4 Be7 11. O-O O-O 12. Ne5 Bxe2 13. Qxe2 Bd6 14. Bg5 Be7 15. f4 c5 16. Bxf6 gxf6 17. Nf3 f5 18. Rad1 cxd4 19. Nxd4 Qc7 20. Kh1 Rad8 21. Rf3 Bf6 22. Rdd3 a6 23. Qd2 Rd5 24. Ne2 Rfd8 25. Rg3+ Kf8 26. Rxd5 Rxd5 27. Rd3 Rxd3 28. Qxd3 Ke7 29. Qe3 Qd6 30. Nd4 Qd5 31. a3 Bh4 32. Kh2 Qe4 33. Qxe4 fxe4 34. g3 Bf6 35. Ne2 Kd6 36. Kg2 Kd5 37. b3 b5 38. Kf2 Be7 39. a4 bxa4 40. bxa4 Bc5+ 41. Ke1 e3 42. Nc1 Kc4 43. Ke2 Kxc3 44. Nd3 Bd4 45. Ne1 Kb3 46. Kd3 Bb6 47. Nf3 Kxa4 48. Ng5 Kb5 49. Nxf7 a5 50. Nd6+ Kc6 51. Nc4 a4 52. g4 Bc5 53. h4 Kd5 54. Nb2 a3 55. Nd1 Bd4 0-1

[Event "OLNN 2324 Hamburger SK III - FC St. Paul"]
[Site "?"]
[Date "2023.11.19"]
[Round "2.1"]
[White "Mueller, Fabian"]
[Black "Weihrauch, Jakob"]
[Result "0-1"]
[WhiteElo "2315"]
[BlackElo "2221"]
[PlyCount "80"]
[EventDate "2023.??.??"]

1. d4 Nf6 2. c4 e6 3. Nf3 b6 4. g3 Ba6 5. Qc2 d5 6. cxd5 exd5 7. Bg2 Bb4+ 8. Nc3 O-O 9. O-O Bb7 10. Bf4 Nbd7 11. Rfd1 c6 12. Ne5 Qe7 13. e4 Bxc3 14. exd5 Nxe5 15. dxe5 Nxd5 16. bxc3 Nxf4 17. gxf4 c5 18. Be4 Kh8 19. Rd6 Bxe4 20. Qxe4 f6 21. Rad1 fxe5 22. fxe5 Qg5+ 23. Kh1 Rae8 24. R1d2 Rxe5 25. f4 Rxe4 26. fxg5 Kg8 27. Rd7 Rg4 28. h3 Rg3 29. Kh2 Rff3 30. h4 Rh3+ 31. Kg2 Rfg3+ 32. Kf1 Rxh4 33. Rxa7 Rf4+ 34. Ke1 Rxg5 35. Rd6 Rg6 36. Rxg6 hxg6 37. a4 Kh7 38. Rb7 Re4+ 39. Kf2 Rxa4 40. Rxb6 Ra3 0-1

[Event "OLNN 2324 Hamburger SK III - FC St. Paul"]
[Site "?"]
[Date "2023.11.19"]
[Round "2.2"]
[White "Garner, Isaac"]
[Black "Trisic, Aleksandar"]
[Result "1-0"]
[WhiteElo "2300"]
[BlackElo "2266"]
[PlyCount "51"]
[EventDate "2023.??.??"]

1. d4 Nf6 2. Nf3 e6 3. c4 d5 4. g3 dxc4 5. Bg2 Bb4+ 6. Bd2 a5 7. Qc2 O-O 8. Qxc4 Qd5 9. Qxc7 Nc6 10. Nc3 Qc4 11. Qf4 Rd8 12. Ne5 Nxe5 13. dxe5 Rd4 14. Qf3 Nd7 15. Bf4 g5 16. Bxg5 Nxe5 17. Qe3 Ng4 18. Qc1 a4 19. a3 Bc5 20. O-O f6 21. h3 fxg5 22. Qxg5+ Kf7 23. hxg4 Rxg4 24. Qh5+ Kg7 25. Ne4 Rxe4 26. Bxe4 1-0